[Event "Itzehoe op"]
[Site "Itzehoe"]
[Date "2022.10.02"]
[Round "4"]
[White "Neumann, Frank"]
[Black "Wartenberg, Julian"]
[Result "1-0"]
[WhiteElo "2027"]
[BlackElo "1549"]
[PlyCount "105"]
[EventDate "2022.10.01"]
[EventType "swiss"]
[EventRounds "5"]
[EventCountry "GER"]
[SourceTitle "CBM 210 Extra"]
[Source "ChessBase"]
[SourceDate "2022.11.30"]
[SourceVersion "1"]
[SourceVersionDate "2022.11.30"]
[SourceQuality "1"]

1. d4 Nf6 2. Nf3 e6 3. g3 d5 4. Bg2 c5 5. 0-0 Nbd7 6. c4 cxd4 7. Nxd4 Be7 8. cxd5 exd5 9. Nf5 Nb6 10. Nxe7 Qxe7 11. Nc3 Be6 12. Nb5 a6 13. Nd4 Bd7 14. b3 0-0 15. Bb2 Rfe8 16. h3 Rac8 17. Rc1 Rxc1 18. Qxc1 Rc8 19. Qf4 Ne4 20. Rc1 Rxc1+ 21. Qxc1 Qd8 22. Qf4 Bc8 23. Nf5 Bxf5 24. Qxf5 Ng5 25. Bd4 h6 26. Bxb6 Qxb6 27. Qxd5 Qb4 28. Qd1 b6 29. h4 Ne6 30. e3 Qe7 31. Qc2 a5 32. Bd5 Nc5 33. Qc4 Qf6 34. b4 axb4 35. Qxb4 Nd3 36. Qd2 Ne5 37. Qd4 Kf8 38. Qe4 Ng6 39. Kg2 Ne7 40. Bb3 g6 41. Qf3 Kg7 42. Qxf6+ Kxf6 43. Kf3 Nc6 44. Ke4 Ne7 45. Kd4 g5 46. hxg5+ hxg5 47. Kc4 Nc8 48. Kb5 Ke7 49. Kc6 g4 50. a4 f5 51. Bc2 Ke6 52. Kc7 Nd6 53. Kxb6 1-0

[Event "IECC TH-M-3753"]
[Site "IECC email"]
[Date "2022.07.29"]
[Round "?"]
[White "Neumann, Frank"]
[Black "Hughes, Peter James"]
[Result "1-0"]
[WhiteElo "1003"]
[BlackElo "1029"]
[PlyCount "61"]
[EventDate "2022.??.??"]
[EventType "tourn (corr)"]
[SourceTitle "Corr 2024"]
[Source "ChessBase"]
[SourceDate "2023.10.19"]
[SourceVersion "1"]
[SourceVersionDate "2023.10.19"]
[SourceQuality "1"]
[WhiteTeam "Deutschland"]
[BlackTeam "Australien"]
[WhiteTeamCountry "GER"]
[BlackTeamCountry "AUS"]

1. d4 f5 2. c4 e6 3. Nf3 Nf6 4. e3 d5 5. c5 c6 6. Be2 Be7 7. 0-0 0-0 8. Nc3 b6 9. b4 Bb7 10. Bb2 Ne4 11. Nxe4 fxe4 12. Ne5 bxc5 13. bxc5 Bf6 14. Ng4 Nd7 15. Nxf6+ Qxf6 16. a4 a5 17. Rb1 e5 18. dxe5 Qe7 19. Bg4 Nxe5 20. Be2 Bc8 21. Bb5 cxb5 22. Qxd5+ Be6 23. Qxe4 Rf5 24. Bxe5 Rd8 25. axb5 Qxc5 26. Bd4 Ba2 27. Bxc5 Rxc5 28. Rbc1 Bc4 29. Rfe1 Rcd5 30. b6 Rd2 31. Rxc4 1-0

[Event "P-5205"]
[Site "IECC email"]
[Date "2021.12.12"]
[Round "?"]
[White "Neumann, Frank"]
[Black "Bernardara, Enos"]
[Result "1/2-1/2"]
[WhiteElo "1014"]
[BlackElo "1275"]
[PlyCount "68"]
[EventDate "2021.??.??"]
[EventType "tourn (corr)"]
[SourceTitle "Corr 2024"]
[Source "ChessBase"]
[SourceDate "2023.10.19"]
[SourceVersion "1"]
[SourceVersionDate "2023.10.19"]
[SourceQuality "1"]
[WhiteTeam "Deutschland"]
[BlackTeam "Italien"]
[WhiteTeamCountry "GER"]
[BlackTeamCountry "ITA"]

1. b4 Nf6 2. Bb2 g6 3. e3 Bg7 4. Nf3 0-0 5. Be2 d6 6. 0-0 Nbd7 7. c4 b6 8. b5 Bb7 9. Nc3 e6 10. Qc2 Re8 11. Rfe1 a6 12. a4 a5 13. d4 c6 14. bxc6 Bxc6 15. Rad1 d5 16. cxd5 exd5 17. g3 Qe7 18. Bb5 Bb7 19. Qb3 Red8 20. Ne2 Rac8 21. Rc1 Rxc1 22. Rxc1 Rc8 23. Ba3 Rxc1+ 24. Nxc1 Qe4 25. Kg2 Bf8 26. Bxf8 Kxf8 27. Qd3 Qe7 28. Nb3 Qd8 29. h4 Nb8 30. Ne5 Qd6 31. f4 Nc6 32. Nxc6 Bxc6 33. Bxc6 Qxc6 34. Qb5 Qxb5 1/2-1/2

[Event "TH-S-1333"]
[Site "IECC email"]
[Date "2021.04.23"]
[Round "?"]
[White "Stringer Lester, Della Diane"]
[Black "Neumann, Frank"]
[Result "1-0"]
[WhiteElo "1152"]
[BlackElo "1020"]
[PlyCount "49"]
[EventDate "2021.??.??"]
[EventType "tourn (corr)"]
[SourceTitle "Corr 2024"]
[Source "ChessBase"]
[SourceDate "2023.10.19"]
[SourceVersion "1"]
[SourceVersionDate "2023.10.19"]
[SourceQuality "1"]
[WhiteTeam "Vereinigte Staaten"]
[BlackTeam "Deutschland"]
[WhiteTeamCountry "USA"]
[BlackTeamCountry "GER"]

1. e4 c5 2. Nc3 Nc6 3. Nge2 e5 4. Nd5 Nf6 5. Nec3 Bd6 6. g3 0-0 7. Bg2 b6 8. d3 Bb7 9. Bg5 Be7 10. Nxe7+ Nxe7 11. Nb5 Re8 12. Nd6 Qc7 13. Nxe8 Rxe8 14. Qe2 d5 15. 0-0-0 Nd7 16. Qh5 g6 17. Qh6 Qc6 18. f4 dxe4 19. Rhe1 exf4 20. Bxf4 Qc8 21. dxe4 Nf6 22. Be5 Qc6 23. Rd6 Qc8 24. Bxf6 Nf5 25. exf5 1-0

[Event "IECC TH-M-3612"]
[Site "IECC email"]
[Date "2021.03.28"]
[Round "?"]
[White "Humphreys, Bill"]
[Black "Neumann, Frank"]
[Result "1-0"]
[WhiteElo "1331"]
[BlackElo "1040"]
[PlyCount "29"]
[EventDate "2021.??.??"]
[EventType "tourn (corr)"]
[SourceTitle "Corr 2024"]
[Source "ChessBase"]
[SourceDate "2023.10.19"]
[SourceVersion "1"]
[SourceVersionDate "2023.10.19"]
[SourceQuality "1"]
[WhiteTeam "Vereinigte Staaten"]
[BlackTeam "Deutschland"]
[WhiteTeamCountry "USA"]
[BlackTeamCountry "GER"]

1. d4 d5 2. Bf4 Nf6 3. e3 e6 4. Bd3 Be7 5. Nf3 0-0 6. Nbd2 Nc6 7. c3 b6 8. 0-0 Bb7 9. h4 Nh5 10. Bxh7+ Kh8 11. Bd3 Nxf4 12. exf4 Bxh4 13. g3 Bf6 14. Ne5 Nxe5 15. Qh5+ 1-0

[Event "IECC TH-M-3601"]
[Site "IECC email"]
[Date "2021.02.07"]
[Round "?"]
[White "Neumann, Frank"]
[Black "Gravini, Edwin"]
[Result "0-1"]
[WhiteElo "1054"]
[BlackElo "1118"]
[PlyCount "68"]
[EventDate "2021.??.??"]
[EventType "tourn (corr)"]
[SourceTitle "Corr 2024"]
[Source "ChessBase"]
[SourceDate "2023.10.19"]
[SourceVersion "1"]
[SourceVersionDate "2023.10.19"]
[SourceQuality "1"]
[WhiteTeam "Deutschland"]
[BlackTeam "Belgien"]
[WhiteTeamCountry "GER"]
[BlackTeamCountry "BEL"]

1. b4 e5 2. Bb2 Bxb4 3. Bxe5 Nf6 4. e3 0-0 5. Nf3 d6 6. Bb2 Bg4 7. Be2 Nc6 8. 0-0 a6 9. a3 Ba5 10. Nc3 b5 11. d4 Ne7 12. h3 Bh5 13. d5 Bb6 14. Nd4 Bxe2 15. Qxe2 Bxd4 16. exd4 Re8 17. Qd2 Nexd5 18. Nxd5 Nxd5 19. Rfe1 Ne7 20. Qc3 d5 21. Re2 c6 22. Rae1 Ra7 23. Qg3 a5 24. Bc1 g6 25. Bh6 f6 26. Re6 Rf8 27. Qh4 Nf5 28. Qf4 Nxh6 29. Qxh6 b4 30. a4 f5 31. Rxc6 Re7 32. Rxe7 Qxe7 33. Rc5 f4 34. Qg7+ Kxg7 0-1

[Event "IECC TH-M-3539"]
[Site "IECC email"]
[Date "2020.09.11"]
[Round "?"]
[White "Neumann, Frank"]
[Black "Stringer Lester, Della Diane"]
[Result "0-1"]
[WhiteElo "1213"]
[BlackElo "1165"]
[PlyCount "58"]
[EventDate "2020.??.??"]
[EventType "tourn (corr)"]
[SourceTitle "Corr 2024"]
[Source "ChessBase"]
[SourceDate "2023.10.19"]
[SourceVersion "1"]
[SourceVersionDate "2023.10.19"]
[SourceQuality "1"]
[WhiteTeam "Deutschland"]
[BlackTeam "Vereinigte Staaten"]
[WhiteTeamCountry "GER"]
[BlackTeamCountry "USA"]

1. e4 c5 2. Nf3 e6 3. d4 cxd4 4. Nxd4 Nf6 5. Nc3 Nc6 6. Nxc6 bxc6 7. Be2 Bb4 8. Bd2 d5 9. 0-0 d4 10. Na4 Bd6 11. a3 Nxe4 12. Bc1 c5 13. c3 Be5 14. cxd4 cxd4 15. Rb1 0-0 16. b4 Bf6 17. Re1 Bd7 18. Bb2 Bc6 19. Bf3 Qd7 20. Bxe4 Bxa4 21. Qd2 Rac8 22. Qf4 e5 23. Qf3 Bc2 24. Bxc2 Rxc2 25. Qb3 Rfc8 26. Rec1 Qf5 27. Rxc2 Rxc2 28. Rc1 Qxf2+ 29. Kh1 Qxg2# 0-1

[Event "P-5157"]
[Site "IECC email"]
[Date "2020.04.15"]
[Round "?"]
[White "Gibson, Jason"]
[Black "Neumann, Frank"]
[Result "1-0"]
[WhiteElo "1270"]
[BlackElo "1260"]
[PlyCount "67"]
[EventDate "2020.??.??"]
[EventType "tourn (corr)"]
[SourceTitle "Corr 2024"]
[Source "ChessBase"]
[SourceDate "2023.10.19"]
[SourceVersion "1"]
[SourceVersionDate "2023.10.19"]
[SourceQuality "1"]
[WhiteTeam "Australien"]
[BlackTeam "Deutschland"]
[WhiteTeamCountry "AUS"]
[BlackTeamCountry "GER"]

1. d4 d5 2. Nf3 Nf6 3. e3 e6 4. b3 Be7 5. Bb2 0-0 6. Bd3 b6 7. 0-0 Bb7 8. c4 dxc4 9. bxc4 Nc6 10. Nbd2 Qd7 11. a3 a5 12. e4 Rfd8 13. d5 exd5 14. cxd5 Na7 15. Ne5 Qe8 16. Ng4 Nxg4 17. Qxg4 g6 18. Qf4 Qf8 19. Qxc7 Rab8 20. Qxb6 Bxd5 21. Qd4 f6 22. exd5 Nc6 23. Qc3 Ne5 24. Rab1 Kg7 25. Be4 Rdc8 26. Qg3 Bd6 27. Bxe5 Bxe5 28. Qe3 Rc3 29. Qa7+ Rc7 30. Rxb8 Qxb8 31. Qxb8 Rf7 32. Qb5 Bc3 33. Nc4 Rc7 34. d6 1-0

[Event "IECC TH-M-3459"]
[Site "IECC email"]
[Date "2020.01.19"]
[Round "?"]
[White "Klawitter, Bernd"]
[Black "Neumann, Frank"]
[Result "0-1"]
[WhiteElo "1285"]
[BlackElo "1241"]
[PlyCount "62"]
[EventDate "2020.??.??"]
[EventType "tourn (corr)"]
[SourceTitle "Corr 2024"]
[Source "ChessBase"]
[SourceDate "2023.10.19"]
[SourceVersion "1"]
[SourceVersionDate "2023.10.19"]
[SourceQuality "1"]
[WhiteTeam "Deutschland"]
[BlackTeam "Deutschland"]
[WhiteTeamCountry "GER"]
[BlackTeamCountry "GER"]

1. d4 f5 2. g3 g6 3. h4 Bg7 4. h5 gxh5 5. Rxh5 e6 6. Rh1 Nf6 7. Bg2 Nc6 8. e3 b6 9. Nh3 Bb7 10. c3 0-0 11. Kf1 d5 12. Kg1 Re8 13. Nd2 a5 14. Nf3 Qd7 15. Qc2 Re7 16. Nfg5 h6 17. Nf3 Ba6 18. Nf4 Rd8 19. Ng6 Rf7 20. Nfe5 Nxe5 21. Nxe5 Qe7 22. Nxf7 Qxf7 23. Bf3 Ne8 24. Bh5 Qe7 25. Bxe8 Qxe8 26. Qd1 c5 27. Qh5 Qb5 28. Kg2 cxd4 29. exd4 Qd3 30. Bxh6 Qe4+ 31. Qf3 Qxf3+ 0-1

[Event "IECC TH-M-3389"]
[Site "IECC email"]
[Date "2019.05.09"]
[Round "?"]
[White "Neumann, Frank"]
[Black "Klawitter, Bernd"]
[Result "1/2-1/2"]
[WhiteElo "1259"]
[BlackElo "1307"]
[PlyCount "60"]
[EventDate "2019.??.??"]
[EventType "tourn (corr)"]
[SourceTitle "Corr 2024"]
[Source "ChessBase"]
[SourceDate "2023.10.19"]
[SourceVersion "1"]
[SourceVersionDate "2023.10.19"]
[SourceQuality "1"]
[WhiteTeam "Deutschland"]
[BlackTeam "Deutschland"]
[WhiteTeamCountry "GER"]
[BlackTeamCountry "GER"]

1. d4 Nf6 2. Bg5 c5 3. dxc5 Qa5+ 4. Nc3 Ne4 5. Bd2 Nxd2 6. Qxd2 Qxc5 7. Nf3 e6 8. e3 a6 9. b4 Qd6 10. Qxd6 Bxd6 11. Be2 0-0 12. 0-0 Bxb4 13. Nd1 d5 14. a3 Bd6 15. c4 dxc4 16. Bxc4 b5 17. Be2 Bb7 18. Nb2 Re8 19. Rfd1 Be7 20. Rd3 Bf6 21. Rb1 Nc6 22. Rd7 Rab8 23. Nd3 Red8 24. Rxd8+ Rxd8 25. g3 Na5 26. Nc5 Bxf3 27. Bxf3 Be7 28. Nxa6 Bxa3 29. Rxb5 Nc4 30. Rb8 Rxb8 1/2-1/2

[Event "TH-S-1133a"]
[Site "IECC email"]
[Date "2019.03.31"]
[Round "?"]
[White "Van Boven, Maarten"]
[Black "Neumann, Frank"]
[Result "1-0"]
[WhiteElo "1331"]
[BlackElo "1278"]
[PlyCount "35"]
[EventDate "2019.??.??"]
[EventType "tourn (corr)"]
[SourceTitle "Corr 2024"]
[Source "ChessBase"]
[SourceDate "2023.10.19"]
[SourceVersion "1"]
[SourceVersionDate "2023.10.19"]
[SourceQuality "1"]
[WhiteTeam "Niederlande"]
[BlackTeam "Deutschland"]
[WhiteTeamCountry "NED"]
[BlackTeamCountry "GER"]

1. e4 e5 2. f4 exf4 3. Nf3 Nf6 4. Nc3 Be7 5. d4 0-0 6. Bxf4 Nc6 7. d5 Nb4 8. e5 Ne8 9. a3 Na6 10. Qd2 b6 11. Bc4 Bb7 12. 0-0 g6 13. Bh6 Ng7 14. b4 Re8 15. d6 cxd6 16. Ng5 Rf8 17. Nxf7 Rxf7 18. Rxf7 1-0

[Event "Hamburg HSK Christmas op 3rd"]
[Site "Hamburg"]
[Date "2017.12.29"]
[Round "5"]
[White "Neumann, Frank"]
[Black "Meier, David Geffrey"]
[Result "0-1"]
[WhiteElo "2040"]
[BlackElo "2159"]
[PlyCount "94"]
[EventDate "2017.12.27"]
[EventType "swiss"]
[EventRounds "7"]
[EventCountry "GER"]
[SourceTitle "CBM 182 Extra"]
[Source "ChessBase"]
[SourceDate "2018.02.23"]
[SourceVersion "1"]
[SourceVersionDate "2018.02.23"]
[SourceQuality "1"]

1. d4 e6 2. Nf3 d5 3. c4 c6 4. e3 f5 5. Nc3 Nf6 6. Bd2 Bd6 7. Rb1 0-0 8. b4 a6 9. b5 axb5 10. cxb5 Nbd7 11. Be2 Ne4 12. Qc2 c5 13. 0-0 c4 14. Ne1 Qh4 15. f4 Qe7 16. Nf3 Ndf6 17. Nxe4 Nxe4 18. a4 Nxd2 19. Nxd2 Bd7 20. Ra1 Ra5 21. Ra2 Rfa8 22. Rfa1 Be8 23. Qb2 b6 24. Bxc4 dxc4 25. Nxc4 Bc7 26. Nxa5 Rxa5 27. Rc1 Bd6 28. Raa1 Bd7 29. Qe2 Qd8 30. Qh5 Bc8 31. Rc6 g6 32. Qg5 Be7 33. Qg3 Kf7 34. Qh3 h5 35. Rac1 Bb7 36. Rc7 Bd5 37. Rc8 Qd6 38. Rh8 Bb7 39. Qg3 Kg7 40. Rxh5 Rxa4 41. Kh1 Ra2 42. Rg1 Qa3 43. h4 Re2 44. Rh8 Rxe3 45. Rg8+ Kxg8 46. Qxg6+ Kf8 47. Kh2 Qd6 0-1

[Event "Hamburg HSK Christmas op 3rd"]
[Site "Hamburg"]
[Date "2017.12.27"]
[Round "2"]
[White "Schroeder, Christoph"]
[Black "Neumann, Frank"]
[Result "1/2-1/2"]
[WhiteElo "2217"]
[BlackElo "2040"]
[PlyCount "75"]
[EventDate "2017.12.27"]
[EventType "swiss"]
[EventRounds "7"]
[EventCountry "GER"]
[SourceTitle "CBM 182 Extra"]
[Source "ChessBase"]
[SourceDate "2018.02.23"]
[SourceVersion "1"]
[SourceVersionDate "2018.02.23"]
[SourceQuality "1"]

1. e4 g6 2. d4 Bg7 3. Nc3 c6 4. Nf3 d5 5. h3 dxe4 6. Nxe4 Nd7 7. Bc4 Ngf6 8. Nxf6+ Nxf6 9. 0-0 Qd6 10. Re1 0-0 11. Qe2 e6 12. Bg5 b6 13. Rad1 Bb7 14. Ne5 Nd5 15. Bb3 b5 16. Bc1 a6 17. c3 c5 18. dxc5 Qxe5 19. Qxe5 Bxe5 20. Rxe5 Rfc8 21. Be3 Bc6 22. Bd4 a5 23. h4 a4 24. Bc2 Re8 25. f3 f6 26. Re2 Kf7 27. a3 h5 28. Bf2 Rg8 29. Rd4 Rad8 30. Bg3 Ne7 31. Rxd8 Rxd8 32. Bd6 Nf5 33. Bxf5 gxf5 34. Kf2 e5 35. g3 Ke6 36. Rd2 Rd7 37. Rd1 Rd8 38. Ke2 1/2-1/2

[Event "Kiel op 30th"]
[Site "Kiel"]
[Date "2017.07.30"]
[Round "3"]
[White "Neumann, Frank"]
[Black "Fernandez, Michael"]
[Result "0-1"]
[WhiteElo "2072"]
[BlackElo "2236"]
[PlyCount "120"]
[EventDate "2017.07.29"]
[EventType "swiss"]
[EventRounds "9"]
[EventCountry "GER"]
[SourceTitle "EXT 2018"]
[Source "ChessBase"]
[SourceDate "2017.10.13"]
[SourceVersion "1"]
[SourceVersionDate "2017.10.13"]
[SourceQuality "1"]

1. d4 c5 2. Nf3 cxd4 3. Nxd4 Nc6 4. g3 g6 5. c4 Bg7 6. Nxc6 bxc6 7. Qa4 Nf6 8. Bg2 0-0 9. Nc3 Qb6 10. Qa3 Ng4 11. c5 Qa6 12. Qxa6 Bxa6 13. h3 Ne5 14. Bd2 Nc4 15. b3 Nxd2 16. Kxd2 Bd4 17. b4 Bxf2 18. g4 Bd4 19. e3 Bg7 20. h4 d5 21. cxd6 exd6 22. Rac1 Rab8 23. a3 c5 24. Nd5 Bb2 25. Rc2 Bxa3 26. bxc5 Bxc5 27. Nf6+ Kg7 28. Nd7 Rb3 29. Nxc5 dxc5 30. Ra1 Bd3 31. Rxc5 Rb2+ 32. Kxd3 Rxg2 33. g5 Rd8+ 34. Ke4 Rg4+ 35. Kf3 Rxh4 36. Rxa7 Rh1 37. Ke2 Rh2+ 38. Kf3 Rdd2 39. Ra8 Rdf2+ 40. Kg3 Rhg2+ 41. Kh3 Rh2+ 42. Kg3 Rhg2+ 43. Kh3 Rg1 44. Re5 Rfg2 45. Raa5 Rg3+ 46. Kh2 R3g2+ 47. Kh3 Rg3+ 48. Kh2 R1g2+ 49. Kh1 Re2 50. Ra3 Rgg2 51. Ra4 Rh2+ 52. Kg1 Reg2+ 53. Kf1 Rb2 54. Kg1 Rhg2+ 55. Kh1 Rge2 56. Rg4 f5 57. Rg3 Kf7 58. Ra5 Rb1+ 59. Rg1 Rxg1+ 60. Kxg1 Rxe3 0-1

[Event "Oberliga Nord N 1617"]
[Site "Germany"]
[Date "2017.03.19"]
[Round "7.7"]
[White "Neumann, Frank"]
[Black "Jantzen, Hans Joerg"]
[Result "0-1"]
[WhiteElo "2057"]
[BlackElo "2165"]
[PlyCount "89"]
[EventDate "2016.10.16"]
[EventType "team-tourn"]
[EventRounds "9"]
[EventCountry "GER"]
[SourceTitle "EXT 2018"]
[Source "ChessBase"]
[SourceDate "2017.10.13"]
[SourceVersion "1"]
[SourceVersionDate "2017.10.13"]
[SourceQuality "1"]
[WhiteTeam "Neumuenster Agon"]
[BlackTeam "Hamburger SK"]
[WhiteTeamCountry "GER"]
[BlackTeamCountry "GER"]

1. d4 Nf6 2. Nf3 b6 3. c4 Bb7 4. Nc3 e6 5. Qc2 Bb4 6. Bd2 0-0 7. g3 d6 8. Bg2 Nbd7 9. 0-0 Bxc3 10. Bxc3 Be4 11. Qc1 Qc8 12. b3 Qb7 13. Qe3 Rfe8 14. Rad1 d5 15. cxd5 exd5 16. Qc1 c6 17. b4 b5 18. Bh3 Nb6 19. Ne5 Nc4 20. Nxc4 bxc4 21. Rfe1 Re7 22. Bd2 Rae8 23. a3 Bg6 24. Bf1 Ne4 25. Bf4 Qd7 26. f3 Nd6 27. g4 h5 28. h3 f6 29. Qd2 Nf7 30. Rc1 a6 31. Rc3 Nd8 32. Re3 Ne6 33. Bg3 Qa7 34. Bf2 Qc7 35. Rc3 Kf7 36. e4 hxg4 37. exd5 gxh3 38. f4 h2+ 39. Kxh2 Bf5 40. Bxc4 Rh8+ 41. Kg2 Rh3 42. Rxh3 Bxh3+ 43. Kxh3 Qc8 44. Kg2 Qh8 45. Bh4 0-1

[Event "OP-2017-0-04260"]
[Site "LSS email"]
[Date "2017.01.16"]
[Round "?"]
[White "Neumann, Frank"]
[Black "Firnhaber, Ingo"]
[Result "0-1"]
[WhiteElo "424"]
[BlackElo "2391"]
[PlyCount "38"]
[EventDate "2017.01.10"]
[EventType "tourn (corr)"]
[EventRounds "4"]
[EventCountry "GER"]
[SourceTitle "Corr 2022"]
[Source "ChessBase"]
[SourceDate "2021.10.24"]
[SourceVersion "1"]
[SourceVersionDate "2021.10.24"]
[SourceQuality "1"]

1. b4 e5 2. Bb2 Bxb4 3. Bxe5 Nf6 4. e3 d5 5. Nf3 0-0 6. Be2 c5 7. 0-0 Nc6 8. Bb2 Re8 9. c4 d4 10. exd4 cxd4 11. a3 Ba5 12. Re1 Bg4 13. Qc2 Bxf3 14. gxf3 d3 15. Qb3 dxe2 16. Bc3 Qd3 17. Qa4 Qxf3 18. Bxa5 Qg4+ 19. Kh1 Ne4 0-1